| 000 | 00810nam a22002657a 4500 | ||
|---|---|---|---|
| 999 |
_c1004 _d1004 |
||
| 001 | 000709 | ||
| 003 | CoMeUDC000709 | ||
| 005 | 20190124211907.0 | ||
| 008 | 000407s2000 mx r 00010 spa d | ||
| 020 | _a9701703626 | ||
| 035 | _aAGX6211 LA | ||
| 040 |
_ala _cCoMeUDC |
||
| 041 | 0 | _aspa | |
| 082 | 0 | 4 |
_a382.6 _bM828 _220 ed. |
| 100 | 1 | _aMorales Troncoso, Carlos. | |
| 245 | 1 | 0 |
_aPlan de exportación : _blleve sus productos a todo el mundo / _cCarlos Morales Troncoso. |
| 260 |
_aMéxico : _bPrentice-Hall, Addison Wesley, _c2000. |
||
| 300 |
_axix, 201 p. ; _c20 cm. |
||
| 440 |
_aPearson educación _91367 |
||
| 650 |
_aExportaciones _v Guías. |
||
| 650 |
_aExportaciones _v Manuales. |
||
| 650 | 0 |
_aMercado de exportación _x Administración. _91368 |
|
| 942 |
_2ddc _cBK |
||
| 949 |
_an _bn |
||